000 00342nam a2200145Ia 4500
999 _c13162
_d13162
003 MAJU-Karachi
005 20211105103837.0
008 190902s9999||||xx |||||||||||||| ||und||
040 _cDLC
100 _aFaiz Ahmed Faiz
245 2 _aA Withered Spring
260 _aPakistan
_bHY Enterprises
_c2013
300 _a63
942 _cBK
_2ddc